| 000 | 00826nam a2200253 i 4500 | ||
|---|---|---|---|
| 001 | 175884 | ||
| 003 | ES-MaACL | ||
| 005 | 20251108164919.0 | ||
| 007 | t| | ||
| 008 | 101129s1931 fr af ||||1| fre d | ||
| 080 | _a929 Ibsen, Henrik | ||
| 100 | 1 |
_aZucker, A. E. _9118422 |
|
| 245 | 1 | 3 |
_aLa vie d'Ibsen le constructeur / _cpar A. E. Zucker ; traduit de l'anglais par Louise Servicen. |
| 250 | _a5e éd. | ||
| 260 |
_aParis : _bGallimard, _c1931. |
||
| 300 |
_a247 p. , [1] h. de lám. bl. y n. : _b1 retr. ; _c19 cm. |
||
| 490 | 1 |
_aVies des hommes illustres ; _v71 |
|
| 504 | _aBibliografía: p. 245-247. | ||
| 600 | 1 | 4 |
_aIbsen, Henrik, _d1828-1906 _965031 |
| 700 | 1 |
_aServicen, Louise. _9105867 |
|
| 830 | 0 |
_aVies des hommes illustres ; _v71 _9182839 |
|
| 852 |
_aES-MaACL _jE-13702 |
||
| 999 |
_c175884 _d175884 |
||